🦄 Fun Quiz - #1🦄 - Statistics

General Stats
  • This quiz has been taken 34 times
  • The average score is 7 of 15
Answer Stats
Question Answer % Correct
What is the name of the fictional wizarding school in the Harry Potter series? Hogwarts School of Witchcraft and Wizardry
100%
What is a group of pandas known as? An embarrassment
80%
What character have both Robert Downey Jr. and Benedict Cumberbatch played? Sherlock Holmes
80%
Queen guitarist Brian May is also an expert in what field? Astrophysics
60%
Which celebrity has the most Instagram followers? Cristiano Ronaldo
60%
Which sport is known as "king of sports"? Football (also known as Soccer)
60%
What was the first toy to be advertised on television? Mr Potato Head
60%
What is Scotland national "animal"? Unicorn
60%
How many minutes are in a full week? 10 080
40%
Which Donald Trump tweet has become an internet meme? Covfefe
40%
Which of the following statements about Elisabeth II is true? She was a trained mechanic
40%
In which year was the first video game, "Pong," released? 1972
20%
Who is the creator of the animated TV series "The Simpsons"? Matt Groening
20%
Which of the following statements is true? Adult cats don't meow at each other
0%
Which country invented ice cream? China
0%
No matching quizzes found
Score Distribution
Percent of People with Each Score
Percentile by Number Answered
Your Score History
You have not taken this quiz